000
00308nam a22001337a 4500
020
_a
81-7826-185-5
082
_a
823
_b
WAL/B
245
_a
BEN-HUR
_b
SHORT STORY
246
_a
BEN-HUR
_b
SHORT STORY
250
_a
2003
260
_a
DELHI
_b
ROHAN BOOK COMPANY
_c
2003
520
_a
CHILDRENS SHORT STORY
942
_c
BK
999
_c
305
_d
305